|
|
|
|
| LEADER |
00000cam a2200000 a 4500 |
| 001 |
vtls001062512 |
| 003 |
SK-MaSNL |
| 005 |
20260301193318.0 |
| 008 |
240226s1990 xo dl frnp 000 0 slo |
| 015 |
|
|
|a SNBA1990/07
|
| 020 |
|
|
|a 8005003420
|q (brožované)
|
| 035 |
|
|
|a SNK000005340
|
| 035 |
|
|
|a urn:nbn:sk:snk-amlgsn
|
| 035 |
|
|
|a urn:nbn:sk:snk-am00bp3y
|
| 035 |
|
|
|a F6ED6CDD-7DC6-4844-BC77-1DA389ABE473
|
| 035 |
|
|
|a urn:nbn:sk:snk-am00bp4s
|
| 035 |
|
|
|a D1251FCD-5A9A-4CF4-AF2D-F0B7B6266ACE
|
| 040 |
|
|
|a SNK
|b slo
|c SNK
|e AACR2
|
| 041 |
0 |
|
|a slo
|
| 044 |
|
|
|a xo
|c SK
|
| 072 |
|
7 |
|a 656.2
|x Železničná doprava
|2 konspekt
|
| 072 |
|
7 |
|a 37.016
|x Učebné osnovy. Vyučovacie predmety. Učebnice
|2 konspekt
|
| 072 |
|
7 |
|a 681.5
|x Automatizačná a riadiaca technika
|2 konspekt
|
| 080 |
|
|
|a 656.2
|2 2011
|
| 080 |
|
|
|a 681.5
|2 2011
|
| 080 |
|
|
|a (075.8)
|2 2011
|
| 100 |
1 |
|
|a Šoltýs, Vojtech,
|d 1940-
|4 aut
|9 10232
|
| 245 |
1 |
0 |
|a Automatizácia v železničnej doprave
|c Vojtech Šoltýs, Jiří Keclík, Jozef Kubenka
|
| 250 |
|
|
|a 1. vyd.
|
| 260 |
|
|
|a Bratislava
|b Alfa
|c 1990
|
| 300 |
|
|
|a 143 strán
|b grafy, schémy, tabuľky
|c 30 cm
|
| 366 |
|
|
|e 300 kusov
|
| 500 |
|
|
|a Vydala Vysoká škola dopravy a spojov v Žiline, Fakulta prevádzky a ekonomiky dopravy a spojov
|
| 500 |
|
|
|a Obsahuje 3 kapitoly
|
| 504 |
|
|
|a Bibliografia na strane 142-143
|
| 650 |
0 |
7 |
|a železničná doprava
|2 SNKPH
|9 3185
|
| 650 |
0 |
7 |
|a automatizácia
|2 SNKPH
|9 1428
|
| 655 |
|
7 |
|a učebnice vysokých škôl
|2 SNKPH
|9 70191
|
| 700 |
1 |
|
|a Keclík, Jiří
|4 aut
|9 347890
|
| 700 |
1 |
|
|a Kubenka, Jozef,
|d 1938-
|4 aut
|9 48209
|
| 710 |
2 |
|
|a Vysoká škola dopravy a spojov v Žiline.
|b Fakulta prevádzky a ekonomiky dopravy a spojov
|4 pbl
|9 123817
|
| 740 |
0 |
2 |
|a Elektronické systémy staničných zabezpečovacích zariadení
|
| 740 |
0 |
2 |
|a Počítačové systémy pre riadenie železničnej dopravy na dispečerskej úrovni
|
| 740 |
0 |
2 |
|a Automatizácia spádovísk
|
| 852 |
|
|
|a Slovenská národná knižnica
|
| 919 |
|
|
|a 80-05-00342-0
|
| 954 |
|
|
|a odborná, vedecká literatúra pôvodná (slovenská)
|2 lita
|
| 958 |
|
|
|a RK
|
| 958 |
|
|
|a TL
|
| 958 |
|
|
|a NB
|
| 958 |
|
|
|a OND
|
| 958 |
|
|
|a UV
|
| 958 |
|
|
|a EUIPO
|
| 999 |
|
|
|c 876749
|d 878679
|
| 952 |
|
|
|t P60, <04>, [BOOK], {604}
|a SNK
|b SNK
|y VYP
|7 0
|p 17A0135010
|o snkSB 46945 D1
|0 0
|1 0
|4 0
|d 1998-04-17
|l 0
|r 2004-12-31 00:00:00
|w 2026-02-24
|
| 952 |
|
|
|a SNK
|b SNK
|y PREZ
|7 0
|p 17A0888318
|o snkSB 46945
|i snkKSP 6433/90
|0 0
|1 0
|4 0
|d 2012-07-09
|f 1
|l 0
|r 2025-02-07 00:00:00
|w 2026-02-24
|
| 952 |
|
|
|t Príloha 2 lsity
|a SNK
|b SNK
|y PREZ
|7 0
|p 17A0888332
|o snkSB 46945/príl.
|i snkKSP 6433/90
|3 Príloha 2 listy
|0 0
|1 0
|4 0
|d 2012-10-09
|f 1
|l 0
|r 2025-02-07 00:00:00
|w 2026-02-24
|